| 000 | 00462nam a2200169Ia 4500 | ||
|---|---|---|---|
| 003 | OSt | ||
| 005 | 20240709090642.0 | ||
| 008 | 230105s9999||||xx |||||||||||||| ||und|| | ||
| 020 | _a9780072348989 | ||
| 040 | _cChuka University Library | ||
| 050 |
_aSBL QL 757 _bR63 2005 |
||
| 100 |
_aRoberts, Larry S. and John Janovy _94227 |
||
| 245 | 0 | _aFoundations of parasitology | |
| 260 |
_aMcGrawhill _bBoston _c2005 |
||
| 650 |
_aPARASITOLOGY _916493 |
||
| 942 |
_cBK _2lcc |
||
| 999 |
_c6781 _d6781 |
||